000 00422nam a2200157Ia 4500
003 GCL
008 140319s9999 xx 000 0 eng d
040 _aGCL /
_cGCL
082 0 4 _a808.82
_bK L
100 1 _aKENNEDY, X.J
245 1 0 _aLITERATURE, AN INTRODUCTIONS FICTION, POETRY AND DRAMA /
_cKENNEDY, X.J
260 _a[S.N] :
_bHARHER COLLINS PUBLERHERS
650 0 4 _aLITERATURE
650 0 4 _aDTAMU
942 _2ddc
_cBK
999 _c20753
_d20753